00684nam a2200193Ia 4500003000900000008004100009020002200050040001600072080002000088245009900108260005000207300001400257650001100271650002100282700003500303942000700338999001700345952012800362IN-BaIIA211028s9999 xx 000 0 eng d a978-1-56396-416-9 cIIA Library a535.2(035)bHAN 0aHandbook of applied photometrycedited by Casimer DeCusatis  aNew YorkbAmerican Institute of Physicsc1998 axv, 463p. aOptics aPhotometry91839 aDeCusatis, Casimer, ed.922586 cBK c12877d12877 00104070aBANbBANcGENd1999-02-04g4368.00l0o535.2(035)/ HANp13794r2021-11-05v4368.00w1999-02-04yBKGRs. 4368.00